000 00572cam a22002171 4500
001 sa 64001402
003 DLC
005 20260227112002.0
008 840418s1963 ii 000 0 eng
010 _asa 64001402
025 _aPL480:I-E-2406
035 _a(OCoLC)10642198
040 _aDLC
_cCLS
_dDLC
042 _apremarc
050 0 0 _aJQ215 1963
_b.C45
100 1 _aChaubal, B. M.
245 1 0 _aIndian democracy.
260 _aKolhapur,
_bMaharashtra Granth Bhandar
_c[1963]
300 _a8, 157 p.
_c19 cm.
651 0 _aIndia
_xPolitics and government
_y1947-
999 _c56729
_d56729